|
|
|
|
| LEADER |
00762nam a2200181 a 4500 |
| 008 |
091119s1991 ii a b 000 0 eng d |
| 020 |
|
|
|a 0074633295
|
| 082 |
0 |
0 |
|a 658.1/10954
|2 20
|
| 245 |
0 |
0 |
|a Entrepreneurship development.
|
| 260 |
|
|
|a New Delhi :
|b Tata McGraw Hill,
|c 1998.
|
| 300 |
|
|
|a xv, 486 p. :
|b ill. ;
|c 22 cm.
|
| 504 |
|
|
|a Includes bibliographical references.
|
| 541 |
1 |
|
|e 00010406
|
| 650 |
|
0 |
|a Entrepreneurship
|z India.
|
| 710 |
2 |
|
|a Colombo Plan Staff College for Technician Education.
|
| 852 |
4 |
|
|a Ayesha Abed Library
|j General shelf
|
| 999 |
|
|
|c 5611
|d 5611
|
| 952 |
|
|
|0 0
|1 0
|2 ddc
|4 1
|6 658_100000000000000_10954_ENT
|7 0
|9 5514
|a BRACUL
|b BRACUL
|c SPS
|d 2009-11-19
|g 0.00
|l 0
|o 658.110954 ENT
|p 3010010406
|r 2009-11-19
|t 1
|w 2009-11-19
|y BK
|x No price found in the accession register.
|